<?xml version="1.0" encoding="UTF-8"?>
<record
    xmlns:xsi="http://www.w3.org/2001/XMLSchema-instance"
    xsi:schemaLocation="http://www.loc.gov/MARC21/slim http://www.loc.gov/standards/marcxml/schema/MARC21slim.xsd"
    xmlns="http://www.loc.gov/MARC21/slim">

  <leader>00546nam a22001697a 4500</leader>
  <datafield tag="999" ind1=" " ind2=" ">
    <subfield code="c">64017</subfield>
    <subfield code="d">64017</subfield>
  </datafield>
  <controlfield tag="005">20260310112302.0</controlfield>
  <controlfield tag="008">260310s2014    enk||||| |||| 00| 0 eng d</controlfield>
  <datafield tag="020" ind1=" " ind2=" ">
    <subfield code="a">9784865410129x</subfield>
  </datafield>
  <datafield tag="041" ind1=" " ind2=" ">
    <subfield code="a">eng</subfield>
  </datafield>
  <datafield tag="080" ind1=" " ind2=" ">
    <subfield code="a">550.344.42(520) T-16</subfield>
  </datafield>
  <datafield tag="100" ind1=" " ind2=" ">
    <subfield code="a">Takahasi, Munemasa</subfield>
    <subfield code="9">27097</subfield>
  </datafield>
  <datafield tag="245" ind1=" " ind2=" ">
    <subfield code="a">Tsunami, photographs, and then :</subfield>
    <subfield code="b">lost &amp; found project : family photos swept away by 3.11 East Japan Tsunami /</subfield>
    <subfield code="c">Munemasa Takahasi.</subfield>
  </datafield>
  <datafield tag="264" ind1=" " ind2=" ">
    <subfield code="c">2014.</subfield>
  </datafield>
  <datafield tag="653" ind1=" " ind2=" ">
    <subfield code="a">&#x10D8;&#x10D0;&#x10DE;&#x10DD;&#x10DC;&#x10D8;&#x10D0;</subfield>
  </datafield>
  <datafield tag="653" ind1=" " ind2=" ">
    <subfield code="a">&#x10EA;&#x10E3;&#x10DC;&#x10D0;&#x10DB;&#x10D8;</subfield>
  </datafield>
  <datafield tag="942" ind1=" " ind2=" ">
    <subfield code="2">udc</subfield>
    <subfield code="c">&#x1CAC;&#x1C98;&#x1C92;&#x1C9C;&#x1C98;</subfield>
  </datafield>
  <datafield tag="952" ind1=" " ind2=" ">
    <subfield code="0">0</subfield>
    <subfield code="1">0</subfield>
    <subfield code="2">udc</subfield>
    <subfield code="4">0</subfield>
    <subfield code="6">55034442520_T16</subfield>
    <subfield code="7">0</subfield>
    <subfield code="9">105598</subfield>
    <subfield code="a">CPL</subfield>
    <subfield code="b">CPL</subfield>
    <subfield code="c">GEN</subfield>
    <subfield code="d">2026-03-10</subfield>
    <subfield code="g">15.00</subfield>
    <subfield code="o">550.344.42(520) T-16</subfield>
    <subfield code="p">73900</subfield>
    <subfield code="r">2026-03-10</subfield>
    <subfield code="t">73900</subfield>
    <subfield code="u">&#x10D8;&#x10D0;&#x10DE;&#x10DD;&#x10DC;&#x10D8;&#x10D8;&#x10E1; &#x10D4;&#x10DA;&#x10E9;&#x10D8;&#x10E1; &#x10E1;&#x10D0;&#x10E9;&#x10E3;&#x10E5;&#x10D0;&#x10E0;&#x10D8;</subfield>
    <subfield code="w">2026-03-10</subfield>
    <subfield code="y">&#x1CAC;&#x1C98;&#x1C92;&#x1C9C;&#x1C98;</subfield>
    <subfield code="z">15 &#x10DA;.</subfield>
  </datafield>
</record>
